000 00320nam a22001337a 4500
008 170906b xxu||||| |||| 00| 0 eng d
020 _a9780131136038
041 _aeng
080 _a72
100 _a41
101 _aARK
245 _aAUTOCAD FOR INTERIOR DESIGN AND SPACE PLANNING
_cKIRKPATRICK,B,L
942 _2udc
_cBK
999 _c26272
_d26272